000 00264nam a2200121 i 4500
001 bg
245 0 _aOpticeskie svojstva poluprovodnikov.
260 _aMoskva,
_c1970.
040 _cBPK
041 _apol
942 _cKS
008 s pl f |000 0 pol
999 _c8929
_d8929
856 _uhttp://koha.tu.koszalin.pl/cgi-bin/koha/opac-detail.pl?biblionumber=8929
_yKatalog online BPK